| 000 | 00954nam a2200253 a 4500 | ||
|---|---|---|---|
| 001 | 25930 | ||
| 003 | CO-ViMGA | ||
| 005 | 20230915232139.0 | ||
| 008 | 141112s2004 ck r 000 u spa d | ||
| 020 | _a9788478277209 | ||
| 040 |
_aCO-ViMGA _bspa _cCO-ViMGA |
||
| 041 | _aspa | ||
| 082 | 0 | 4 | _a028.5 L32 |
| 245 | 1 | 0 |
_aLecturas adolescentes / _cTeresa Colomer (coord.) ; Ana Díaz - Plaja ... [et al.] ; con la colaboración de Evelyn Arizpe ... [et al.]. |
| 260 |
_aBarcelona : _bGraó, _c2009. |
||
| 300 | _a239 p. ; 24 cm. | ||
| 490 | _aSerie didáctica de la lengua y la literatura ; 263 | ||
| 504 | _aIncluye bibliografías. | ||
| 650 | 1 | 4 |
_aLiteratura juvenil. _9314 |
| 700 | 1 |
_aArizpe, Evelyn. _940461 |
|
| 852 | _10.688.30 | ||
| 942 |
_2ddc _cBK |
||
| 949 | _an n | ||
| 999 |
_c33167 _d33167 |
||